PSICOANALISIS: REVISTA DE LA ASOCIACION PSICOANALITICA DE BUENOS AIRES Nº2-3. (Registro nro. 6284)

Detalles MARC
000 -CABECERA
campo de control de longitud fija 01341nam a2200205 a 4500
003 - IDENTIFICADOR DEL NÚMERO DE CONTROL
campo de control AR-BaBN
005 - FECHA Y HORA DE LA ÚLTIMA TRANSACCIÓN
campo de control 20250924100758.0
007 - CAMPO FIJO DE DESCRIPCIÓN FÍSICA--INFORMACIÓN GENERAL
campo de control de longitud fija ta
008 - DATOS DE LONGITUD FIJA--INFORMACIÓN GENERAL
campo de control de longitud fija 150929s1981 000 spa d
022 ## - NÚMERO INTERNACIONAL NORMALIZADO PARA PUBLICACIONES SERIADAS
Número Internacional Normalizado para Publicaciones Seriadas 0325-819X
040 ## - FUENTE DE LA CATALOGACIÓN
Centro/agencia transcriptor
080 ## - NÚMERO DE LA CLASIFICACIÓN DECIMAL UNIVERSAL
Número de la Clasificación Decimal Universal 159.922
245 #0 - MENCIÓN DE TÍTULO
Título PSICOANALISIS: REVISTA DE LA ASOCIACION PSICOANALITICA DE BUENOS AIRES Nº2-3.
Resto del título Niñez y adolescencia
260 ## - PUBLICACIÓN, DISTRIBUCIÓN, ETC. (PIE DE IMPRENTA)
Fecha de publicación, distribución, etc. 1981.
500 ## - NOTA GENERAL
Nota general Encuadre psicoanalítico y envolturas psíquicas / Didier Anzieu.<br/>El analista en el trabajo y/o el niño en el analista / Claudine Geissmann.<br/>El adolescente en el adulto / André Green.<br/>Interpretación: metáfora o analogía / Didier Houzel.<br/>La desesperación engendra la violencia, la violencia engendra la desesperación / Betty Joseph.<br/>Acerca de un destino luminoso de la paternidad: el padre imaginario / Julia Kristeva.<br/>Consulta terapéutica madre-lactante / Serge Lebovici.<br/>El proceso psicoanalítico. Veinte años después / Donald Meltzer<br/>La contratransferencia en el psicoanálisis del niño / Salomon Resnik<br/>La transferencia en el psicoanálisis de niños / Hanna Segal y Edna O'Shaughnessy<br/>Validaciones de los descubrimientos sobre el autismo / Frances Tustin
650 ## - PUNTO DE ACCESO ADICIONAL DE MATERIA--TÉRMINO DE MATERIA
Término de materia o nombre geográfico como elemento inicial Psicologia
9 (RLIN) 108
942 ## - ELEMENTOS DE PUNTO DE ACCESO ADICIONAL (KOHA)
Fuente del sistema de clasificación o colocación Clasificación Decimal Universal
Tipo de ítem Koha Libros
956 ## - LOCALIZACIÓN Y ACCESO ELECTRÓNICOS LOCAL (OCLC)
Nombre del host MFLORES
Número de acceso 00
Información sobre la compresión 20150929
Proceso de conexión (Logon) BNA01
Procesador de la petición 1330
956 ## - LOCALIZACIÓN Y ACCESO ELECTRÓNICOS LOCAL (OCLC)
Nombre del host MFLORES
Número de acceso 00
Información sobre la compresión 20150929
Proceso de conexión (Logon) BNA01
Procesador de la petición 1330
Existencias
Estado de retiro Estado de pérdida Fuente del sistema de clasificación o colocación Estado dañado Excepción de préstamo Localización permanente Ubicación/localización actual Ubicación en estantería Fecha de adquisición Fuente de adquisición Número de inventario Total de préstamos Signatura topográfica completa Código de barras Fecha visto por última vez Fecha del último préstamo Precio válido a partir de Tipo de ítem Koha
    Clasificación Decimal Universal     BIBLIOTECA RIOBAMBA BIBLIOTECA RIOBAMBA BIBLIOTECA RIOBAMBA 23/09/2025 Donación 9058 1 159.922 ASO 9058 15/04/2026 12/03/2026 23/09/2025 Libros